Рекомендации по выбору и применению объектового оборудования проводных систем передачи извещений, устойчивых к несанкционированному обходу (Запись № 10884856)

Подробности
000 -МАРКЕР
контрольное поле 02354nam0a2200397 4500
001 - ИДЕНТИФИКАТОР ЗАПИСИ
контрольное поле RU\NLR\BIBL_A\011901325
005 - ИДЕНТИФИКАТОР ВЕРСИИ
контрольное поле 20230720144220.0
010 ## - МЕЖДУНАРОДНЫЙ СТАНДАРТНЫЙ НОМЕР КНИГИ (ISBN)
Тираж 600
Номер (ISBN) 978-5-00140-075-2
021 ## - НОМЕР ГОСУДАРСТВЕННОЙ РЕГИСТРАЦИИ
Код страны Российская Федерация
Номер КН-П-18-092203
Номер Листа государственной регистраци КН-П-18-6697
029 10 - НОМЕР ДОКУМЕНТА (нормативные и технические документы. Неопубликованные документы)
Страна Российская Федерация
Номер 065-2017
Тип номера документа Р
035 ## - ДРУГИЕ СИСТЕМНЫЕ НОМЕРА
Идентификатор записи (NLR Aleph) 011901325
035 ## - ДРУГИЕ СИСТЕМНЫЕ НОМЕРА
Идентификатор записи (RuMoRGB)009827736
100 ## - ДАННЫЕ ОБЩЕЙ ОБРАБОТКИ
Данные общей обработки 20181226d2017 k y0rusy50 ca
101 0# - ЯЗЫК РЕСУРСА
Язык текста, звукозаписи и т.д. русский
102 ## - СТРАНА ПУБЛИКАЦИИ ИЛИ ПРОИЗВОДСТВА
Страна публикации Российская Федерация
105 ## - ПОЛЕ КОДИРОВАННЫХ ДАННЫХ: ТЕКСТОВЫЕ МАТЕРИАЛЫ, МОНОГРАФИЧЕСКИЕ
Кодированные данные о монографическом текстовом документе a l 000|y
200 9# - ЗАГЛАВИЕ И СВЕДЕНИЯ ОБ ОТВЕТСТВЕННОСТИ
Основное заглавие Рекомендации по выбору и применению объектового оборудования проводных систем передачи извещений, устойчивых к несанкционированному обходу
Сведения, относящиеся к заглавию Р 065-2017
Язык параллельного заглавия английский
Первые сведения об ответственности переработаны ФКУ "НИЦ "Охрана" Росгвардии
Последующие сведения об ответственности [перераб.: С. П. Борисовым и др.]
205 ## - СВЕДЕНИЯ ОБ ИЗДАНИИ
Сведения об издании Изд. офиц.
210 ## - ПУБЛИКАЦИЯ, РАСПРОСТРАНЕНИЕ И ДР.
Место издания, распространения и т.д. Москва
Имя издателя, распространителя и т. д. "НИЦ "Охрана" Росгвардии
Место издания, распространения и т.д. Саратов
Имя издателя, распространителя и т. д. Амирит
Дата издания, распространения и т.д. 2017
215 ## - ФИЗИЧЕСКАЯ ХАРАКТЕРИСТИКА
Специфическое обозначение материала и объем 67 с.
Другие сведения о физической характеристике ил.
Размеры 21
225 1# - СЕРИЯ
Основное заглавие серии Библиотека технического специалиста охраны
Сведения об ответственности Федеральная служба войск национальной гвардии Российской Федерации. Главное управление вневедомственной охраны
239 ## - ОБЛАСТЬ СПЕЦИФИЧЕСКИХ СВЕДЕНИЙ: НОРМАТИВНЫЕ И ТЕХНИЧЕСКИЕ ДОКУМЕНТЫ
Сведения взамен Р 78.36.020-2012
517 1# - ДРУГИЕ ВАРИАНТЫ ЗАГЛАВИЯ
Вариант заглавия Р 065-2017
606 1# - НАИМЕНОВАНИЕ ТЕМЫ КАК ПРЕДМЕТ
Наименование темы Технические средства
Формальный подзаголовок Нормативные документы
Тематический подзаголовок Применение в охране объектов
Системный номер авторитетной/нормативной записи 1828977
Идентификатор авторитетной/нормативной записи RU\NLR\AUTH\661118997
606 1# - НАИМЕНОВАНИЕ ТЕМЫ КАК ПРЕДМЕТ
Наименование темы Охранная сигнализация
Формальный подзаголовок Нормативные документы
Тематический подзаголовок Аппараты и приборы
Системный номер авторитетной/нормативной записи 2226985
Идентификатор авторитетной/нормативной записи RU\NLR\AUTH\661336861
686 ## - ИНДЕКСЫ ДРУГИХ КЛАССИФИКАЦИЙ
Издание 2000
Код системы общеросс. классификатор стандартов
686 1# - ИНДЕКСЫ ДРУГИХ КЛАССИФИКАЦИЙ
Индекс З885.24-5я82
712 01 - НАИМЕНОВАНИЕ ОРГАНИЗАЦИИ - ВТОРИЧНАЯ ОТВЕТСТВЕННОСТЬ
Код отношения Прочие
Начальный элемент ввода Российская Федерация
Структурное подразделение Федеральная служба войск национальной гвардии
-- Главное управление вневедомственной охраны
Системный номер авторитетной/нормативной записи 644479
Идентификатор авторитетной/нормативной записи RU\NLR\AUTH\880492208
942 ## - ДОПОЛНИТЕЛЬНЫЕ ЭЛЕМЕНТЫ ЗАПИСИ (АБИС)
Тип экземпляра АБИС Книга
980 ## - КОЛЛЕКЦИЯ
Название коллекции НБР
980 ## - КОЛЛЕКЦИЯ
Название коллекции Национальная библиография

Нет доступных экземпляров.